Industrialisation and wages in Japan

Shranjeno v:
Bibliografske podrobnosti
Korporativna značnica: International Labour Office
Format: Knjiga
Jezik:Undetermined
Izdano: Geneva International Labour Office 1970
Teme:
Oznake: Označite
Brez oznak, prvi označite!
Thư viện lưu trữ: Trung tâm Học liệu Trường Đại học Cần Thơ
LEADER 00536nam a2200193Ia 4500
001 CTU_87815
008 210402s9999 xx 000 0 und d
082 |a 331.2952 
082 |b A138 
110 |a International Labour Office 
245 0 |a Industrialisation and wages in Japan 
245 0 |c International Labour Office 
260 |a Geneva 
260 |b International Labour Office 
260 |c 1970 
650 |a Wages 
650 |z Japan 
904 |i Trọng Hiếu 
980 |a Trung tâm Học liệu Trường Đại học Cần Thơ